إخوان الصفا :;; Ikhwān al-Ṣafā : (Record no. 79441)
[ view plain ]
| 000 -LEADER | |
|---|---|
| fixed length control field | 01218nam a2200289 a 4500 |
| 003 - CONTROL NUMBER IDENTIFIER | |
| rucl marc code | BD-RjUL |
| 005 - DATE AND TIME OF LATEST TRANSACTION | |
| control field | 20220222141608.0 |
| 008 - FIXED-LENGTH DATA ELEMENTS--GENERAL INFORMATION | |
| fixed length control field | 220222s1953 le b 00110 arar |
| 035 ## - SYSTEM CONTROL NUMBER | |
| System control number | (BD-RjUL) |
| 040 ## - CATALOGING SOURCE | |
| Original cataloging agency | UkOxU |
| Transcribing agency | BD-RjUL |
| Language of cataloging | eng |
| 041 ## - LANGUAGE CODE | |
| Language code of text/sound track or separate title | eng |
| 082 ## - DEWEY DECIMAL CLASSIFICATION NUMBER | |
| Edition number | 23 |
| Classification number | 297.6 |
| Author mark and year | FAI 1953 |
| 100 1# - MAIN ENTRY--PERSONAL NAME | |
| Personal name | فروخ، عمر.;; Farrūkh, ʿUmar, |
| Dates associated with a name | 1906-1987 |
| 9 (RLIN) | 1528 |
| 245 10 - TITLE STATEMENT | |
| Title | إخوان الصفا :;; Ikhwān al-Ṣafā : |
| Remainder of title | درس، عرض، تحليل / ;; dars, ʿarḍ, taḥlīl / |
| Statement of responsibility, etc. | تأليف عمر فروخ. ;; taʼlīf ʿUmar Farrūkh. |
| 250 ## - EDITION STATEMENT | |
| Edition statement | al-Ṭabʿah 2 |
| 260 ## - PUBLICATION, DISTRIBUTION, ETC. (IMPRINT) | |
| Place of publication, distribution, etc. | Bayrūt :بيروت : |
| Name of publisher, distributor, etc. | منشورات مكتبة الميمنة , |
| Date of publication, distribution, etc. | 1953. |
| 300 ## - PHYSICAL DESCRIPTION | |
| Pagination | 165 p. ; |
| Size | 24 cm. |
| 490 ## - SERIES STATEMENT | |
| Series statement | ; دريسات قصيرة في الادب والتاريخ والفلسفة |
| Volume/sequential designation | 15 |
| 500 ## - GENERAL NOTE | |
| General note | Includes index. |
| 504 ## - BIBLIOGRAPHY, ETC. NOTE | |
| Bibliography, etc | Includes Bibliography and index. |
| 610 20 - SUBJECT ADDED ENTRY--CORPORATE NAME | |
| Corporate name or jurisdiction name as entry element | Ikhwān al-Ṣafāʼ |
| 830 ## - SERIES ADDED ENTRY--UNIFORM TITLE | |
| Uniform title | ; دريسات قصيرة في الادب والتاريخ والفلسفة |
| Volume number/sequential designation | 15 |
| 880 ## - ALTERNATE GRAPHIC REPRESENTATION | |
| Linkage | 250-03/(3/r |
| a | الطبعة ٣. |
| Linkage | 260-04/(3/r |
| a | بيروت : |
| b | دار الکناب العربي، |
| c | ١٨٩١. |
| Linkage | 610-05/(3/r |
| a | إخوان الصفا. |
| 942 ## - ADDED ENTRY ELEMENTS (KOHA) | |
| Source of classification or shelving scheme | Dewey Decimal Classification |
| Koha item type | Books |
| Lost status | Source of classification or shelving scheme | Damaged status | Not for loan | Collection code | Permanent Location | Current Location | Shelving location | Date acquired | Full call number | Date last seen | Copy number | Koha item type |
|---|---|---|---|---|---|---|---|---|---|---|---|---|
| Dewey Decimal Classification | Not For Loan | Non-fiction | Central Library, University of Rajshahi | Central Library, University of Rajshahi | Reading Room | 22/02/2022 | A 297.6 FAI 1953 | 22/02/2022 | C-1 | Books |